LEADER 00875nam a2200241 i 4500 001 000000039469 003 CaOOAMICUS 005 20031001000000.0 008 031001s1993 fr u000 u mul u 013 $a10204 020 $a2-204-04808-9 040 $aSeMil$bita 240 00$aApophthegmata Patrum.$0(OLS)http://semarc/title/13649 245 10$aChapitres 1.-9. 300 $a452 p. 490 0 $aSources Chrétiennes ;$vN°387 773 0 $tApophtegmes des Pères.$dParis : Les Éditions du Cerf, 1993.$w()10330 830 0$aSources chrétiennes ;$vN°387.$0(OLS)http://semarc/title/72 850 $aSeMil 852 $aSeMil$W1$xVenegono$y1$mSL1.T VII 387$j5624$B5624$CSeMilBibl$Z2$F5624 $8I 961 $aSottoscrizione: Cerf (Éditions) 996 $6020$a2-204-04808-9$9(OLS)http://semarc/number/9155 996 $6245$aChapitres 1.-9$9(OLS)http://semarc/title/56228 LEADER 01065nam a2200265 i 4500 001 000000041093 003 CaOOAMICUS 005 20090824000000.0 008 090824s1991 sp u000 u spa u 013 $a12263 020 $a84-285-1423-2 040 $aSeMil$bita 100 1 $aGarcía Paredes, José Cristo Rey.$0(OLS)http://semarc/name/20177 245 10$aTeología fundamental de los sacramentos /$cJosé Cristo Rey García Paredes. 260 $aMadrid :$bPaulinas,$c1991. 300 $a213 p. ;$c21 cm. 490 0 $aBiblioteca de teología ;$v12 650 4$aSacramenti.$0(OLS)http://semarc/subject/124 830 0$aBiblioteca de teología ;$v12.$0(OLS)http://semarc/title/9799 850 $aSeMil 852 $aSeMil$W1$xVenegono$y1$m2B II 442$j7248$B7248$CSeMilBibl$Z2$F7248 $81 961 $aAcquisto: Casa editrice 996 $6020$a84-285-1423-2$9(OLS)http://semarc/number/11692 996 $6245$aTeología fundamental de los sacramentos$9(OLS)http://semarc/title/59345 996 $6260$aMadrid :$bPaulinas$9(OLS)http://semarc/publisher/31999